000 00380nam a2200145 i 4500
001 101590
003 ES-MaACL
007 t|
008 051020s1920 sp ||||1| spa d
100 1 _aMedina, Tirso.
_979717
245 1 0 _aMis dos mitades
_b: novela /
_cTirso Medina.
260 _aSegovia :
_bEl Adelanto,
_c1929.
300 _a280 p. ;
_c19 cm.
852 _aES-MaACL
_jB-3662
999 _c101590
_d101590